Direct delivery of power subsidy to agriculture in India (Record no. 658281)

MARC details
000 -LEADER
fixed length control field 00749nam a2200241Ia 4500
003 - CONTROL NUMBER IDENTIFIER
control field OSt
005 - DATE AND TIME OF LATEST TRANSACTION
control field 20220926033918.0
008 - FIXED-LENGTH DATA ELEMENTS--GENERAL INFORMATION
fixed length control field 220923b |||||||| |||| 00| 0 eng d
037 ## - SOURCE OF ACQUISITION
Terms of availability General Book
040 ## - CATALOGING SOURCE
Original cataloging agency RTL
Transcribing agency RTL
Language of cataloging eng
041 ## - LANGUAGE CODE
Source of code eng
Language code of text/sound track or separate title eng
100 ## - MAIN ENTRY--PERSONAL NAME
Personal name GULATI Mohinder
9 (RLIN) 339734
245 #0 - TITLE STATEMENT
Title Direct delivery of power subsidy to agriculture in India
260 ## - PUBLICATION, DISTRIBUTION, ETC.
Place of publication, distribution, etc. Vienna
Name of publisher, distributor, etc. Energy Sector Management Assistance Program
Date of publication, distribution, etc. 2011
300 ## - PHYSICAL DESCRIPTION
Extent xxiii, 64p
Dimensions cm.
500 ## - GENERAL NOTE
General note In Hindi Version
700 ## - ADDED ENTRY--PERSONAL NAME
Personal name PAHUJA Sanjay
9 (RLIN) 339735
942 ## - ADDED ENTRY ELEMENTS (KOHA)
Classification part X9(J):(D66).2, Q1/GD
Koha item type General Books
Source of classification or shelving scheme Colon Classification (CC)
Holdings
Withdrawn status Lost status Damaged status Not for loan Home library Current library Date acquired Total Checkouts Full call number Barcode Date last seen Price effective from Koha item type
        Ratan Tata Library Ratan Tata Library 2022-09-26   X9(J):(D66).2 Q1/GD RT1456786 2022-09-26 2022-09-26 General Books
Copyright @ Delhi University Library System